000
00319nam a22001337a 4500
008
180216b xxu||||| |||| 00| 0 eng d
020
_a
9780619201807
041
_a
eng
080
_2
3 ed
_a
37
100
_a
48
101
_a
edu
245
_a
intergrating technology in the classroom
_c
shelly.c
942
_2
udc
_c
BK
999
_c
42789
_d
42789